| 000 | 00464nam a2200205Ia 4500 | ||
|---|---|---|---|
| 003 | 0100 | ||
| 008 | 130307s9999 xx 000 0 und d | ||
| 020 | _a0891583149 | ||
| 040 | _cARRUPELIB | ||
| 050 | _aDT352.42.E86 1978 | ||
| 245 | _aEthnicity in modern Africa | ||
| 260 | _aColorado | ||
| 260 | _bWestview Press | ||
| 260 | _c1978 | ||
| 300 | _a319p. | ||
| 300 | _b24cm. | ||
| 650 | _bMerton, Thomas | ||
| 700 | _adu Toit Brian M. (ed.) | ||
| 942 | 0 | 0 | _03 |
| 999 |
_c99653 _d99653 |
||